Manual de casos prc̀ticos de Derecho Romano

Bibliographic Details
Main Author: Moll ̀Nebot, M. A. Sonia
Other Authors: Llanos Pitarch, Jos ̌Mara̕
Format: eBook
Language:Spanish
Published: Madrid: Dykinson, 2013
Subjects:
Online Access:Acceso restringido

MARC

LEADER 00000nam a22000007a 4500
005 20140508023420.0
007 cr|||| ||||
008 140508s2013 es |||||s|||| 00||0 spa d
020 |a 978-84-9031-845-4 
035 |a 12136 
040 |a vLex 
090 |c 4925  |d 4925 
100 1 |a Moll ̀Nebot, M. A. Sonia 
245 1 0 |a Manual de casos prc̀ticos de Derecho Romano  |h [Recurso electrn̤ico] /  |c M. A. Sonia Moll ̀Nebot, Jos ̌Mara̕ Llanos Pitarch 
256 |a Servicio en ln̕ea 
260 |a Madrid:  |b Dykinson,  |c 2013 
300 |a 1 recurso electrn̤ico 
500 |a El objeto de estudio del Derecho Privado Romano es el de su Jurisprudencia, de ah ̕que aunque el derecho se integra tanto de jurisprudencia como de dictados de poder (leyes y constituciones), sea aquľla el centro de nuestro interš, y quiz ̀no tanto la solucin̤ concreta, como el modo jurd̕ico que encierra su razonamiento. La primera jurisprudencia surge en la interpretacin̤ de la Ley de las XII Tablas, cuya calidad legislativa no es destacable respecto de otros cuerpos legislativos coetǹeos; s,̕ en cambio, lo es su mťodo de interpretacin̤, que convierte a la Jurisprudencia Romana en una jurisprudencia ejemplar... 
506 1 |a Disponible solo en los productos indicados  |d vLex Global  |d vLex Global (Academic Edition, excluding Law Schools)  |d vLex Global (U.S. Academic Edition, Law Schools)  |d vLex Global (U.S. Academic Edition, excluding Law Schools)  |d vLex Global (Academic Edition, Law Schools) 
650 0 4 |a Derecho Civil  |z Espaą 
700 1 |a Llanos Pitarch, Jos ̌Mara̕ 
740 0 |a vLex Libros (Servicio en ln̕ea) 
856 4 0 |u http://vlex.com/source/manual-de-casos-practicos-de-derecho-romano-12136  |z Acceso restringido 
942 |c BOOK 
999 0 |a Civil Law